书目信息 |
| 题名: |
黔南“落后乡村”改造与社会重构研究
|
|
| 作者: | 李飞龙 著 | |
| 分册: | ||
| 出版信息: | 北京 中国社会科学出版社 2016 |
|
| 页数: | 238页 | |
| 开本: | 24cm | |
| 丛书名: | 贵州财经大学经济学研究文库 | |
| 单 册: | ||
| 中图分类: | C912.82 | |
| 科图分类: | ||
| 主题词: | 农村社会学--nong cun she hui xue--研究--黔南布依族苗族自治州--1954-1956 | |
| 电子资源: | ||
| ISBN: | 978-7-5161-9639-7 | |
| 000 | 00967nam0 22002531 450 | |
| 001 | 1738598354 | |
| 005 | 20170627164616.0 | |
| 010 | @a978-7-5161-9639-7@dCNY58.00 | |
| 100 | @a20170407d2016 em y0chiy50 ea | |
| 101 | 0 | @achi |
| 102 | @aCN@b110000 | |
| 105 | @ay z 000yy | |
| 106 | @ar | |
| 200 | 1 | @a黔南“落后乡村”改造与社会重构研究@9qian nan luo hou xiang cun gai zao yu she hui chong gou yan jiu@e1954-1956@f李飞龙著 |
| 210 | @a北京@c中国社会科学出版社@d2016 | |
| 215 | @a238页@d24cm | |
| 225 | 2 | @a贵州财经大学经济学研究文库@9gui zhou cai jing da xue jing ji xue yan jiu wen ku |
| 330 | @a本书将黔南地区为考察对象,重点分析改造落后乡村运动的发展演变与改造后乡村社会的重构。 | |
| 461 | 0 | @12001 @a贵州财经大学经济学研究文库 |
| 606 | 0 | @a农村社会学@9nong cun she hui xue@x研究@y黔南布依族苗族自治州@z1954-1956 |
| 690 | @aC912.82@v5 | |
| 701 | 0 | @a李飞龙@9li fei long@4著 |
| 801 | 0 | @aCN@bTANGWEI@c20170621 |
| 905 | @b1015669-74@dC912.82@e1051@f6 | |
| 黔南“落后乡村”改造与社会重构研究:1954-1956/李飞龙著.-北京:中国社会科学出版社,2016 |
| 238页;24cm.-(贵州财经大学经济学研究文库) |
| ISBN 978-7-5161-9639-7:CNY58.00 |
| 本书将黔南地区为考察对象,重点分析改造落后乡村运动的发展演变与改造后乡村社会的重构。 |
| ● |
| 相关链接 |
|
|
|
|
正题名:黔南"落后乡村"改造与社会重构研究
索取号:C912.82/1051
 
预约/预借
| 序号 | 登录号 | 条形码 | 馆藏地/架位号 | 状态 | 备注 |
| 1 | 1015669 | 210156695 | 第一样本阅览室/ [索取号:C912.82/1051] | 在馆 | |
| 2 | 1015670 | 210156702 | 教育系资料室/ [索取号:C912.82/1051] | 在馆 | |
| 3 | 1015671 | 210156711 | 教育系资料室/ [索取号:C912.82/1051] | 在馆 | |
| 4 | 1015672 | 210156720 | 教育系资料室/ [索取号:C912.82/1051] | 在馆 | |
| 5 | 1015673 | 210156739 | 第一借阅区/ [索取号:C912.82/1051] | 在馆 | |
| 6 | 1015674 | 210156748 | 第一借阅区/ [索取号:C912.82/1051] | 在馆 |